| 000 | 02175cam a2200469 i 4500 | ||
|---|---|---|---|
| 001 | 200468147 | ||
| 003 | TR-AnTOB | ||
| 005 | 20260416131840.0 | ||
| 007 | ta | ||
| 008 | 260416t19861986ilu b 001 0 eng | ||
| 010 | _a 85008405 | ||
| 016 | _a(AMICUS)000005540402 | ||
| 020 |
_a0809312271 _q(hardback) |
||
| 020 | _a9780809312276 | ||
| 035 | _a(CU-S)b19361713-01ucs_sdi | ||
| 035 |
_a(OCoLC)12081170 _z(OCoLC)1006460147 |
||
| 035 | _a(OCoLC)ocm12081170 | ||
| 035 | _a(EXLNZ-01UCS_NETWORK)9912398391906531 | ||
| 035 | _a(TR-AnTOB)200468147 | ||
| 040 |
_aDLC _beng _erda _cDLC _dBAKER _dLVB _dYDXCP _dBTCTA _dOCLCG _dOCLCQ _dGEBAY _dGBVCP _dOCLCO _dOCLCF _dOCLCQ _dOCLCO _dDEBBG _dOCLCO _dOCL _dOCLCQ _dCSJ _dNLC _dOCLCO _dOCLCQ _dCSA _dCEF _dTKN _dBOS _dCSO _dTYC _dMUO _dHCO _dFQG _dCPS _dOCLCQ _dCNO _dCPO _dNAM _dYCP _dPAU _dQE2 _dSNN _dNJR _dINT _dURS _dKNM _dOL$ _dBGU _dOCLCQ _dOKX _dWYU _dUWO _dMTU _dIOG _dYOU _dHV6 _dDCHUA _dCWI _dHUELT _dOCLCQ _dLGG _dOCLCQ _dROB _dU3G _dDKC _dGZN _dGZW _dAU@ _dTJC _dNJT _dOCLCQ _dOCLCO _dOCLCA _dREU _dOCLCA _dOCLCQ _dOCLCO _dOCLCL _dIG# _dOCLCL _dTR-AnTOB |
||
| 041 | 0 | _aeng | |
| 043 | _an-us--- | ||
| 050 | 0 | 4 |
_aPN2266.5 _b.S952 1986 |
| 090 |
_aPN2266.5 _b.S952 1986 |
||
| 100 | 1 |
_aSzilassy, Zoltán, _d1947- _eauthor _4aut _0http://id.loc.gov/authorities/names/n85092176 _9153720 |
|
| 245 | 1 | 0 |
_aAmerican theater of the 1960s / _cZoltán Szilassy. |
| 264 | 1 |
_aCarbondale : _bSouthern Illinois University Press, _c1986. |
|
| 264 | 4 | _c©1986 | |
| 300 |
_axiii, 113 pages ; _c23 cm |
||
| 336 |
_atext _btxt _2rdacontent |
||
| 337 |
_aunmediated _bn _2rdamedia |
||
| 338 |
_avolume _bnc _2rdacarrier |
||
| 490 | 0 | _aCrosscurrents/modern critiques. Third series | |
| 504 | _aBIBINDX | ||
| 505 | 0 | _aEdward Albee: first among equals -- Varieties of the Albee generation -- The dramaturgical kaleidscope of the sixties -- Happenings and new performance theories -- The regional alternative theater. | |
| 650 | 0 |
_aTheater _zUnited States _xHistory _y20th century _9153721 |
|
| 650 | 0 |
_aExperimental theater _zUnited States _9153722 |
|
| 650 | 0 |
_aAmerican drama _y20th century _xHistory and criticism _993437 |
|
| 942 |
_2lcc _cBK |
||
| 999 |
_c200468147 _d86359 |
||